| 000 | 00815cam a2200289 i 4500 | ||
|---|---|---|---|
| 001 | 33395 | ||
| 005 | 20230410115751.0 | ||
| 008 | 770114s1976 sp b 000 0 spa | ||
| 035 | _9(DLC) 76489295 | ||
| 035 | _a828035 | ||
| 010 | _a76489295 | ||
| 015 | _aSp*** | ||
| 020 | _a8429712143 | ||
| 040 |
_aDLC _cDLC _dDLC |
||
| 050 | 1 | 4 |
_aHM 101 _bS685m 1976 |
| 100 | 1 | _aSolé, Carlota. | |
| 245 | 1 | 0 |
_aModernización : _bun análisis sociológico / _cCarlota Solé ; prefacio de A. D. Smith. |
| 250 | _a1. ed. | ||
| 260 |
_aBarcelona : _bEdiciones Península, _c1976. |
||
| 300 |
_a251 p. ; _c20 cm. |
||
| 490 | 0 | _aHomo sociologicus ; 12 | |
| 504 | _aBibliography: p. 235-251. | ||
| 650 | 0 | _aSocial change. | |
| 650 | 0 |
_aCivilization, Modern _y20th century. |
|
| 650 | 0 | _aProgress. | |
| 942 |
_2lcc _cbk |
||
| 999 |
_c47595 _d47595 |
||